The Pharmaceutical industry and the third world

Enregistré dans:
Détails bibliographiques
Format: Livre
Langue:Undetermined
Publié: Washington, D. C. Pharmaceutical Manufacturers Association 1979
Sujets:
Tags: Ajouter un tag
Pas de tags, Soyez le premier à ajouter un tag!
Thư viện lưu trữ: Trung tâm Học liệu Trường Đại học Cần Thơ
LEADER 00473nam a2200157Ia 4500
001 CTU_81560
008 210402s9999 xx 000 0 und d
082 |a 615.1 
082 |b P536 
245 4 |a The Pharmaceutical industry and the third world 
260 |a Washington, D. C. 
260 |b Pharmaceutical Manufacturers Association 
260 |c 1979 
650 |a Pharmaceutical industry 
904 |i Trọng Hải 
980 |a Trung tâm Học liệu Trường Đại học Cần Thơ